000 00289nam a2200109 4500
999 _c9586
_d9586
008 180710b ||||| |||| 00| 0 eng d
245 _aTeen pregnancy still on the rise.
260 _aDavao City
_bSun Star Davao
_cc2017
300 _apage 9.
650 0 _928487
_aPregnancy.
942 _2ddc
_cPER